Essential manager's Manual/ (Record no. 68620)

MARC details
000 -LEADER
fixed length control field 00759nam a22002177a 4500
005 - DATE AND TIME OF LATEST TRANSACTION
control field 20120723123422.0
010 ## - LCCN (DPL NO)
LC control number G-002051
020 ## - INTERNATIONAL STANDARD BOOK NUMBER
International Standard Book Number 075130400x
Terms of availability 1600.00
035 ## - SYSTEM CONTROL NUMBER
System control number G-002051
037 ## - SOURCE OF ACQUISITION
Stock number dpl
Source of stock number/acquisition Gift
082 ## - DEWEY DECIMAL CLASSIFICATION NUMBER
Classification number 658.4
100 ## - MAIN ENTRY--PERSONAL NAME
Personal name Heller, Robert.
245 ## - TITLE STATEMENT
Title Essential manager's Manual/
Statement of responsibility, etc by Robert Heller & Tim Hindle
260 ## - PUBLICATION, DISTRIBUTION, ETC. (IMPRINT)
Place of publication, distribution, etc London
Name of publisher, distributor, etc Dorling Kindersley
Date of publication, distribution, etc 1998
270 ## - ADDRESS
Address 9 Henrietta Street,
City London
Postal code WC2E 8PS
300 ## - PHYSICAL DESCRIPTION
Extent 864 p.
Dimensions 22 cm.
700 ## - ADDED ENTRY--PERSONAL NAME
Personal name Tim Hindle
9 (RLIN) 50344
942 ## - ADDED ENTRY ELEMENTS (KOHA)
Source of classification or shelving scheme Dewey Decimal Classification
Item type English Books
Call number suffix HEL
Classification part 658.4
Holdings
Withdrawn status Lost status Not for loan Collection code Home library Current library Date acquired Source of acquisition Cost, normal purchase price Full call number Barcode Copy number Cost, replacement price Koha item type
      Non-fiction Vinoba Puri Vinoba Puri 23/07/2012 Gift 1600.00 HEL G-002051 1 1600.00 English Books

© Delhi Public Library
Hit Counter
free hit counter